Statistiques concernant Drapeau pays d’Afrique Du Nord

Cliquez ici pour prendre le quiz!

Statistiques générales

  • Ce quiz a été pris 33 fois
  • Le résultat moyen est 5 sur 5

Statistiques - réponses

Réponse% Correct
Algerie
100%
Tunisie
100%
Maroc
97%
Egypte
93%
Libye
73%

Distribution des résultats

Percentile par nombre de réponses

% des personnes avec chaque résultat

Votre développement - résultats

Vous n’avez pas pris ce quiz